Código Civil de la República Oriental del Uruguay

Saved in:
Bibliografiske detaljer
Format: Bog
Sprog:spansk
Udgivet: Montevideo Imprenta a vapor de La Nación 1893
Fag:
Tags: Tilføj Tag
Ingen Tags, Vær først til at tagge denne postø!

MARC

LEADER 00000nam a2200000 a 4500
001 UCY3022
003 CL-VaPUC
008 941206e18930000UY |||||||||||||||||spa|d
082 0 4 |a 346.895  |b COD  |2 21 
245 1 0 |a Código Civil de la República Oriental del Uruguay 
300 |a 610 p 
942 |c BK 
945 |d 19941206 00:00:00  |a aalvarez 
260 |a Montevideo  |b Imprenta a vapor de La Nación  |c 1893 
650 0 |a Derecho civil  |9 255013 
651 0 |a Uruguay  |9 255194 
583 |a last modification  |c 19941206 00:00:00  |k Rodrigo Vera 
999 |c 231272  |d 231270 
952 |0 0  |1 0  |4 0  |6 346_895000000000000_COD_1893  |7 0  |8 DER_ROM  |9 234308  |a BIBDER  |b BIBDER  |d 2019-11-15  |i 3039781  |l 1  |o 346.895 COD 1893  |p 3039781  |r 2023-01-25  |s 2020-03-19  |w 2019-11-15  |x Ubicación 4to piso  |y BK_X  |z Este recurso debe solicitarse con anticipación  |k DER